<?xml version="1.0" encoding="UTF-8"?>
<record
    xmlns:xsi="http://www.w3.org/2001/XMLSchema-instance"
    xsi:schemaLocation="http://www.loc.gov/MARC21/slim http://www.loc.gov/standards/marcxml/schema/MARC21slim.xsd"
    xmlns="http://www.loc.gov/MARC21/slim">

  <leader>01284cam a2200289   4500</leader>
  <controlfield tag="001">ne 63002551 </controlfield>
  <controlfield tag="003">DLC</controlfield>
  <controlfield tag="005">20260227111753.0</controlfield>
  <controlfield tag="008">890216m19639999ua       bd  f000 0 ara c</controlfield>
  <datafield tag="010" ind1=" " ind2=" ">
    <subfield code="a">ne 63002551 </subfield>
  </datafield>
  <datafield tag="040" ind1=" " ind2=" ">
    <subfield code="a">Princeton Univ. Library</subfield>
    <subfield code="c">DLC</subfield>
    <subfield code="d">DLC</subfield>
  </datafield>
  <datafield tag="050" ind1="0" ind2="0">
    <subfield code="a">PJ6620</subfield>
    <subfield code="b">.T3</subfield>
  </datafield>
  <datafield tag="100" ind1="1" ind2=" ">
    <subfield code="a">Tah&#x101;naw&#x12B;, Mu&#x1E25;ammad A&#x2BB;l&#xE1; ibn &#x2BB;Al&#x12B;,</subfield>
    <subfield code="d">active 1745.</subfield>
  </datafield>
  <datafield tag="245" ind1="1" ind2="0">
    <subfield code="a">Kashsh&#x101;f i&#x1E63;&#x1E6D;il&#x101;&#x1E25;&#x101;t al-fun&#x16B;n,</subfield>
    <subfield code="b">ta&#x2BC;l&#x12B;f &#x2BB;Al&#x12B; al-F&#x101;r&#x16B;q&#x12B; al-Tah&#x101;naw&#x12B;.</subfield>
    <subfield code="c">&#x1E24;aqqaqahu Lu&#x1E6D;f&#x12B; &#x2BB;Abd al-Bad&#x12B;&#x2BB;. Tarjamah al-nu&#x1E63;&#x16B;&#x1E63; al-F&#x101;rs&#x12B;yah &#x2BB;Abd al-Mun&#x2BB;im Mu&#x1E25;ammad &#x1E24;asanayn. Raj&#x101;&#x2BB;ahu Am&#x12B;n al-Kh&#x16B;l&#x12B;.</subfield>
  </datafield>
  <datafield tag="260" ind1=" " ind2=" ">
    <subfield code="a">[al-Q&#x101;hirah] :</subfield>
    <subfield code="b">al-Mu&#x2BC;assasah al-Mi&#x1E63;r&#x12B;yah al-&#x2BB;&#x100;mmah lil-Ta&#x2BC;l&#x12B;f wa-al-Tarjamah wa-al-&#x1E6C;ib&#x101;&#x2BB;ah wa-al-Nashr,</subfield>
    <subfield code="c">[1963]-&lt;1977   &gt;</subfield>
  </datafield>
  <datafield tag="300" ind1=" " ind2=" ">
    <subfield code="a">v. &lt;1-4   &gt;</subfield>
    <subfield code="c">29 cm.</subfield>
  </datafield>
  <datafield tag="490" ind1="1" ind2=" ">
    <subfield code="a">Tur&#x101;thun&#x101;</subfield>
  </datafield>
  <datafield tag="500" ind1=" " ind2=" ">
    <subfield code="a">Added t.p.: Kashaf issttilahat al funun.</subfield>
  </datafield>
  <datafield tag="500" ind1=" " ind2=" ">
    <subfield code="a">Vols. 3-4 published by al-Hay&#x2BC;ah al-Mi&#x1E63;r&#x12B;yah al-&#x2BB;&#x100;mmah lil-Kit&#x101;b.</subfield>
  </datafield>
  <datafield tag="504" ind1=" " ind2=" ">
    <subfield code="a">Includes bibliographical references.</subfield>
  </datafield>
  <datafield tag="650" ind1=" " ind2="0">
    <subfield code="a">Arabic language</subfield>
    <subfield code="v">Dictionaries.</subfield>
  </datafield>
  <datafield tag="700" ind1="2" ind2=" ">
    <subfield code="a">&#x2BB;Abd al-Bad&#x12B;&#x2BB;, Lu&#x1E6D;f&#x12B;.</subfield>
  </datafield>
  <datafield tag="700" ind1="1" ind2=" ">
    <subfield code="a">&#x1E24;usayn, &#x2BB;Abd al-Mun&#x2BB;im Mu&#x1E25;ammad.</subfield>
  </datafield>
  <datafield tag="700" ind1="1" ind2=" ">
    <subfield code="a">Kh&#x16B;l&#x12B;, Am&#x12B;n.</subfield>
  </datafield>
  <datafield tag="740" ind1="0" ind2=" ">
    <subfield code="a">Kashaf issttilahat al funun.</subfield>
  </datafield>
  <datafield tag="830" ind1=" " ind2="0">
    <subfield code="a">Tur&#x101;thun&#x101; (Cairo, Egypt)</subfield>
  </datafield>
  <datafield tag="999" ind1=" " ind2=" ">
    <subfield code="c">46496</subfield>
    <subfield code="d">46496</subfield>
  </datafield>
</record>
